Estatísticas para Todas as Finais do Duelo Nacional de MCs

Clique aqui para jogar o quiz

Estatísticas Gerais

  • Esse quiz foi jogado 12 vezes
  • A pontuação média é 4 de 9

Estatísticas das Respostas

AnoFinal% Correto
2017César x Drizzy
86%
2015Alves x Orochi
71%
2019MCharles x Noventa
71%
2016Samurai x Sid
71%
2013Douglas Din x Marinho
29%
2020Vinicius ZN x Alves
29%
2012Douglas Din x Mirapotira
14%
2014Larício x Capanga
14%
2018Milano x NG
14%

Distribuição das Pontuações

Percentil de Números Respondidos

Porcentagem de Pessoas com Cada Pontuação

Sua Pontuação Histórica

Você não jogou esse quiz